| 000 | 00583nam a2200193Ia 4500 | ||
|---|---|---|---|
| 005 | 20250508163328.0 | ||
| 008 | 008 250505s9999 xx 000 0 eng d | ||
| 037 | _aTextual | ||
| 040 |
_aFEDL _beng _cFEDL |
||
| 041 |
_aeng _2eng |
||
| 084 |
_a418, RIC _qFEDL |
||
| 100 | _aRichards Jack C | ||
| 245 | 0 | _aApproaches and methods in language teaching: A description and analysis | |
| 260 |
_aCambridge _bCambridge University Press _c1986 |
||
| 300 | _aviii,171p. | ||
| 700 |
_a Rodgers Theodore S _9775135 |
||
| 942 |
_cTEXL _h418, RIC |
||
| 999 |
_c1382358 _d1382358 |
||